Biology and biotechnology (Record no. 184488)

MARC details
000 -LEADER
fixed length control field 00578nam a22002177a 4500
020 ## - INTERNATIONAL STANDARD BOOK NUMBER
ISBN 1-55581-304-6
041 ## - LANGUAGE CODE
Language code of text/sound track or separate title eng
082 ## - DEWEY DECIMAL CLASSIFICATION NUMBER
Edition number 23rd ed.
Classification number 570
Item number KRE
100 ## - MAIN ENTRY--AUTHOR NAME
Personal name Kreuzer, Helen
245 ## - TITLE STATEMENT
Title Biology and biotechnology
Statement of responsibility, etc by Helen Kreuzer & Adrianne Massey
260 ## - PUBLICATION, DISTRIBUTION, ETC. (IMPRINT)
Place of publication Washington, DC
Name of publisher ASM Press
Year of publication 2005
300 ## - PHYSICAL DESCRIPTION
Number of Pages xvi, 669p.; ill.; tables.;
Dimensions 28 cm.
650 ## - SUBJECT ADDED ENTRY--TOPICAL TERM
Topical Term Biology
650 ## - SUBJECT ADDED ENTRY--TOPICAL TERM
Topical Term Biotechnology
650 ## - SUBJECT ADDED ENTRY--TOPICAL TERM
Topical Term Science
650 ## - SUBJECT ADDED ENTRY--TOPICAL TERM
Topical Term Technology
700 ## - ADDED ENTRY--PERSONAL NAME
Personal name Massey, Adrianne
856 ## - ELECTRONIC LOCATION AND ACCESS
Uniform Resource Identifier www.asm.org
942 ## - ADDED ENTRY ELEMENTS (KOHA)
Koha item type Books
Holdings
Withdrawn status Lost status Damaged status Collection code Home library Current library Shelving location Date acquired Full call number Accession Number Koha item type
      BIO-INFORMATICS North Eastern Hill University North Eastern Hill University General Stacks 26/02/2026 570 KRE 251068 Books